000 nam a22 7a 4500
999 _c9039
_d9039
008 180122b ||||| |||| 00| 0 eng d
100 _aPal. R
_95332
245 _aSymbony English A B -VI
260 _aNew Delhi
_bSultan Chand
_c2014